I Can Fix Him (No Really I Can) - Taylor Swift (All Lyrics - Statistics

General Stats
  • This quiz has been taken 573 times
    99 since last reset
  • The average score is 206 of 236
Answer Stats
Lyrics % Correct
a
100%
A
100%
I
100%
(I
100%
can
98%
can)
98%
fix
98%
him,
98%
no,
98%
No
98%
(No,
98%
really,
98%
The
98%
the
98%
an
95%
and
95%
And
95%
can't
95%
he
95%
He
95%
he's
95%
my
95%
to
95%
On
93%
on
93%
too
93%
you
93%
But
91%
far
91%
her"
91%
man
91%
man)
91%
me
91%
me,
91%
tell
91%
that
91%
They
91%
When
91%
"God,
89%
if
89%
it
89%
maybe
89%
Were
89%
'em
88%
good
88%
Good
88%
hand
88%
I'll
88%
just
88%
Like
88%
loud
88%
their
88%
told
88%
your
88%
be
86%
could
86%
from
86%
heads
86%
help
86%
his
86%
His
86%
sayin',
86%
sayin,
86%
shake
86%
only
84%
smoke
84%
you'll
84%
boy,
82%
dangerous
82%
finger
82%
had
82%
jokes
82%
lift
82%
Lord
82%
revolting
82%
see
82%
so
82%
all
80%
angel,
80%
away
80%
for
80%
handle
80%
Heaven
80%
met
80%
mile
80%
out
80%
small
80%
that's
80%
bar
79%
doesn't
79%
hadn't
79%
need
79%
of
79%
show
79%
through
79%
town
79%
Trust
79%
yet
79%
mouth
77%
night
77%
right,
77%
across
75%
cloud
75%
train
75%
come
73%
face
73%
perfect
73%
set
73%
highest
71%
shook
71%
skill
71%
Woah,
71%
billows
70%
close
70%
halo
70%
didn't
68%
grade
68%
highway
68%
six
68%
freight
66%
hearts
66%
Texas
66%
lane
61%
pistol
61%
traces
61%
calloused
59%
case
59%
certain
59%
dopamine
57%
Softly
57%
brain
52%
races
48%
No matching quizzes found
Score Distribution
Percent of People with Each Score
Percentile by Number Answered
Your Score History
You have not taken this quiz since the last reset